Statistics for Old Countries Bordering Young Countries

Click here to take the quiz!

General Stats

  • This quiz has been taken 298 times
  • The average score is 19 of 30

Answer Stats

Country% Correct
China
89%
Russia
88%
Nepal
80%
Mongolia
79%
Laos
78%
Thailand
76%
Cambodia
76%
Afghanistan
74%
Pakistan
74%
Iran
73%
Turkey
70%
Greece
70%
Tajikistan
69%
Albania
67%
France
66%
Spain
61%
Niger
57%
Bulgaria
57%
Morocco
57%
Indonesia
56%
Mali
55%
Monaco
55%
Algeria
54%
Chad
53%
East Timor
51%
Kosovo
49%
Serbia
49%
Suriname
49%
Libya
49%
Montenegro
45%

Score Distribution

Percentile by Number Answered

Percent of People with Each Score

Your Score History

You have not taken this quiz